Standard methods for the examination of water and wastewater: including bottom sediments and sludges
Salvato in:
| Ente Autore: | |
|---|---|
| Natura: | Libro |
| Lingua: | inglese |
| Pubblicazione: |
Nueva York
American Public Health Association
1965
|
| Edizione: | 12a. ed |
| Soggetti: | |
| Tags: |
Aggiungi Tag
Nessun Tag, puoi essere il primo ad aggiungerne!!
|
MARC
| LEADER | 00000nam a2200000 a 4500 | ||
|---|---|---|---|
| 001 | UCY3688 | ||
| 003 | CL-VaPUC | ||
| 008 | 950112e19650000US |||||||||||||||||eng|d | ||
| 082 | 0 | 4 | |a 628.161 |b AME |2 21 |
| 110 | 2 | |a American Public Health Association |e author |9 332049 | |
| 245 | 1 | 0 | |a Standard methods for the examination of water and wastewater: including bottom sediments and sludges |
| 250 | |a 12a. ed | ||
| 300 | |a 769 p | ||
| 942 | |c BK | ||
| 945 | |d 19950112 00:00:00 |a mfernand | ||
| 260 | |a Nueva York |b American Public Health Association |c 1965 | ||
| 650 | 0 | |a Agua |9 257149 | |
| 650 | 0 | |a Análisis |9 259550 | |
| 650 | 0 | |a Aguas servidas |9 261486 | |
| 583 | |a last modification |c 19950112 00:00:00 |k Rodrigo Vera | ||
| 999 | |c 231752 |d 231750 | ||
| 952 | |0 0 |1 0 |4 0 |6 628_161000000000000_AME_1965 |7 0 |8 CCM |9 235408 |a BIBCUR |b BIBCUR |d 2019-11-15 |i 3051900 |o 628.161 AME 1965 |p 3051900 |r 2025-04-22 |w 2019-11-15 |y BK |k CIM | ||